000 00365nam a22001337a 4500
008 170904b xxu||||| |||| 00| 0 eng d
020 _a9780312431877
041 _aeng
080 _23 ED
_a070
100 _a40
101 _aMED
245 _aTHELLING THE STORY THE CONVERGENCE OF PRIT BROADCAST AND ONLINE MEDIA
_cBROOKS.B.S
942 _2udc
_cBK
999 _c25974
_d25974